000 00226nam a22001097a 4500
003 OSt
008 231115b |||||||| |||| 00| 0 eng d
041 _amal
100 _aJarasandhan
_94485
245 _aIrumbazhikal
942 _cBK
999 _c17932
_d17932